000 00680nam a2200301Ia 4500
005 20260401122412.0
008 008 250103s9999 xx 000 0 eng d
020 _a9780312428006
037 _aTB
040 _aEDL
040 _beng
040 _cEDL
041 _2eng
041 _aeng
084 _a363.32 FAL
084 _qEDL
100 _aFaludi, Susan
_91233503
245 4 _aThe Terror Dream: Myth and misogyny in an insecure america
245 0 _cFaludi, Susan
260 _aNew york
260 _bPicador
260 _c2007
300 _a464p
942 _cTB
942 _h363.32 FAL
999 _c1847043
_d1847043